000 004840000a22001930004500
001 004425
003 MACL
005 20151119170641.0
008 151119b xxu||||| |||| 00| 0 eng d
040 _aMACL
_cMACL
041 _aEnglish
082 _a782/AHM
100 _aAhmed, Shahab
_917582
245 _aFrames Of Fame
_bA Visual Though Bollywood 1913-2004
_cShahab Ahmed
260 _aAhmed, Shahab,
_c2004
350 _a9000
650 _aCinema
_97620
942 _k783
_cBK
_2ddc
999 _c16314
_d16314